Datum a čas kvízu

20 Celkem bodů Celkový počet nahraných bodů na tomto kvízu bez doplňovacích otázek.
6. Pořadí na kvízu Konečné umístění týmu na tomto kvízu.

Zaznamenané odpovědi

# Otázka Odpověď Body Výsledky
1. Jak se jmenuje člen britské kr... princ Edward 0
2. Doplňte dvě slova názvu dokume... obranné spolupráci 0
3. Minulý týden přetřásala bulvár... Tiffany Richbitch 1
4. Na brněnském výstavišti proběh... na zbraně a vojenskou techniku 0
5. Reprezentanti které země napro... Číny 0
6. Podíváme se na různé suroviny... A) na hřbetě 1
7. Máte-li raději něco zdravějšíh... C) pšenice 0
8. Který produkt z ptáka jménem s... D) hnízda 0
9. Ovsucha čili zizánie vodní je... A) indiánská rýže 0
10. Koření zvané hřebíček není tře... A) nerozvitá poupata 1